Maailman väkirikkaimmat maat - maanosittain - Statistics

Yleistilastot
  • Tätä visaa on pelattu 563 kertaa
  • Keskiarvotulos 37 / 50
Vastaustilastot
pop mil Nations % Oikein
81 Saksa
99%
142 Venäjä
98%
67 Ranska
97%
324 Amerikan Yhdysvallat
96%
49 Espanja
96%
1374 Kiina
95%
62 Italia
94%
1267 Intia
93%
65 Iso-Britannia
92%
35 Kanada
92%
206 Brasilia
91%
123 Meksiko
89%
39 Puola
88%
44 Argentiina
85%
127 Japani
85%
258 Indonesia
84%
23 Australia
83%
96 Egypti
82%
44 Ukraina
80%
18 Chile
79%
47 Kolumbia
79%
186 Nigeria
79%
68 Thaimaa
79%
80 Turkki
78%
31 Peru
77%
54 Etelä-Afrikka
76%
83 Iran
74%
202 Pakistan
72%
95 Vietnam
72%
31 Venezuela
71%
81 Kongo
70%
156 Bangladesh
68%
103 Filippiinit
68%
38 Irak
67%
102 Etiopia
64%
47 Kenia
63%
40 Algeria
61%
51 Etelä-Korea
61%
514 Euroopan Unioni
61%
21 Romania
61%
31 Malesia
60%
16 Ecuador
56%
37 Sudan
56%
52 Tansania
55%
33 Afganistan
53%
57 Burma
50%
6 Singapore
43%
7 Papua-Uusi-Guinea
41%
16 Kambodza
38%
38 Uganda
35%
Ehtoja vastaavia visoja ei löytynyt
Tulosjakauma
Jokaisen tuloksen saaneiden osuus
Persentiili vastausten määrän mukaan
Tuloshistoriasi
Et ole pelannut tätä visaa